| 000 | 00584nam a22001937a 4500 | ||
|---|---|---|---|
| 999 |
_c172514 _d172514 |
||
| 005 | 20200206131642.0 | ||
| 010 | _aENG-127662 | ||
| 020 |
_a9789381574829 _c650.00 |
||
| 035 | _aEN-111194 | ||
| 037 | _bDBAD/PUB | ||
| 082 | _a509.5414 | ||
| 100 | _aBasu,Asoke | ||
| 245 |
_aIndigenous Roots of Modern Science in colonial Bengal/ _bby Asoke Basu [and] Saibal Datta |
||
| 260 |
_akolkata _bThe Asiatic Society _c2019 |
||
| 270 |
_bkolkata _a1, Park Street _e700016 |
||
| 300 |
_aix;294p. _b23cm(hb) |
||
| 500 | _ainclude index | ||
| 942 |
_2ddc _cEN _h509.5414 _mBAS |
||